• 首页
  • 本馆介绍
  • 公告通知
  • 最新文献
  • 馆藏检索
  • 电子资源
  • 读者导购
  • 参考咨询
  • 我的图书馆
  • 登录
  • 详细信息显示
  • 放入我的书架
  • 预约/预借图书
  • 作者相关作品
  • 分类相关作品
  • 丛书相关作品
  • 出版社相关作品

书目信息

  • 表格格式
  • 工作单格式
  • 卡片格式
题名:
读懂宝宝的心
    
 
作者: 《为了孩子》编辑部编
分册:  
出版信息: 上海   上海科学技术出版社  2013.08
页数: 120页
开本: 24cm
丛书名: 《为了孩子》精粹丛书
单 册:
中图分类: B844.11 , G78
科图分类:
主题词: 婴幼儿心理学--基本知识 , 婴幼儿--家庭教育--基本知识 , 婴幼儿心理学 , 婴幼儿 , 家庭教育
电子资源:
ISBN: 978-7-5478-1861-9
000 01006nam0 2200313 450
001 006807768
005 20160606165755.73
010    @a978-7-5478-1861-9@dCNY29.80
100    @a20130913d2013 em y0chiy0110 ea
101 0  @achi
102    @aCN@b310000
105    @aa z 000yy
106    @ar
200 1  @a读懂宝宝的心@9du dong bao bao de xin@e0~3岁宝宝家庭教育宝典@f《为了孩子》编辑部编
210    @a上海@c上海科学技术出版社@d2013.08
215    @a120页@c图@d24cm
225 1  @a《为了孩子》精粹丛书
330    @a本书分爸妈学早教;亲子阅读园;多元智能加油站三大板块,引导父母用正确的方法培养宝宝在各种智能上的潜能。
333    @a婴幼儿家长
517 1  @a0~3岁宝宝家庭教育宝典@90 ~ 3 sui bao bao jia ting jiao yu bao dian
606 0  @a婴幼儿心理学@x基本知识
606 0  @a婴幼儿@x家庭教育@x基本知识
606 0  @a婴幼儿心理学
606 0  @a婴幼儿
606 0  @a家庭教育
690    @aB844.11@v5
690    @aG78@v5
801  0 @aCN@bNLC@c20130926
905    @b878578-83@dB844.11@e1328@f6
    
    读懂宝宝的心:0~3岁宝宝家庭教育宝典/《为了孩子》编辑部编.-上海:上海科学技术出版社,2013.08
    120页:图;24cm.-(《为了孩子》精粹丛书)
    使用对象:婴幼儿家长
    
    ISBN 978-7-5478-1861-9:CNY29.80
    本书分爸妈学早教;亲子阅读园;多元智能加油站三大板块,引导父母用正确的方法培养宝宝在各种智能上的潜能。
●
相关链接 在E读中查询图书 在五车中查询图书 在当当中查询图书 在豆瓣中查询图书


正题名:读懂宝宝的心     索取号:B844.11/1328         预约/预借

序号 登录号 条形码 馆藏地/架位号 状态 备注
1 878578   208785787   第一样本阅览室/ [索取号:B844.11/1328] 在馆    
2 878579   208785796   教育系资料室/ [索取号:B844.11/1328] 在馆    
3 878580   208785803   教育系资料室/ [索取号:B844.11/1328] 在馆    
4 878581   208785812   教育系资料室/ [索取号:B844.11/1328] 在馆    
5 878582   208785821   第一借阅区/ [索取号:B844.11/1328] 在馆    
6 878583   208785830   第一借阅区/ [索取号:B844.11/1328] 在馆    
唐山师范学院图书馆 欢迎您!
大连网信软件有限公司© 版权所有